000
00249nam a2200109Ia 4500
008
190216s9999||||xx |||||||||||||| ||und||
100
_a
Alak Ghosh
245
0
_a
Indian Economy
260
_b
The World Press Pvt Ltd
650
_a
Economics
942
_c
BK
999
_c
9087
_d
9087